The Hmong of Thailand : opium people of the Golden Triangle /

Bibliographic Details
Main Author: Tapp, Nicholas, 1952-
Format: Book
Language:English
Published: London : Cambridge, Mass., USA : Anti-Slavery Society ; Cultural Survival Inc., [1986]
Series:Indigenous peoples and development series ; report no. 1986-4.
Subjects:

MARC

Tag First Indicator Second Indicator Subfields
LEADER 00000cam a2200000 a 4500
001 in00000028268
005 20151007060040.0
008 870916s1986 enkab b 00010 eng c
010 |a  87175600  
020 |a 093952127X (Cultural Survival) 
035 |a (OCoLC)18013613 
035 |9 AAB9966AM 
040 |a DLC/MH  |c HLS  |d TXA  |d UtOrBLW 
049 |a TXAM  |c [A11115297] 
050 1 0 |a DS570.M5  |b T37x 1986 
050 4 |a DS570.M5  |b T37 1986 
051 |a LC COPY IN PROCESS 
100 1 |a Tapp, Nicholas,  |d 1952- 
245 1 4 |a The Hmong of Thailand :  |b opium people of the Golden Triangle /  |c Nicholas Tapp. 
264 1 |a London :  |b Anti-Slavery Society ;  |a Cambridge, Mass., USA :  |b Cultural Survival Inc.,  |c [1986] 
264 4 |c ©1986 
300 |a 72 pages :  |b illustrations, maps ;  |c 21 cm. 
336 |a text  |b txt  |2 rdacontent 
337 |a unmediated  |b n  |2 rdamedia 
338 |a volume  |b nc  |2 rdacarrier 
490 1 |a Indigenous peoples and development series ;  |v report no. 4-1986 
504 |a Filmography: page 70. 
504 |a Bibliography: pages 69-70. 
650 0 |a Hmong (Asian people)  |z Thailand. 
650 0 |a Opium. 
830 0 |a Indigenous peoples and development series ;  |v report no. 1986-4. 
999 |a MARS 
999 f f |s c585aec9-79f3-3855-b00a-5d5016137354  |i d1f03bfd-97dd-3156-b229-53a6a26d0be9  |t 0 
952 f f |p normal  |a Texas A&M University  |b College Station  |c Sterling C. Evans Library  |d Evans: Library Stacks  |t 0  |e DS570.M5 T37 1986  |h Library of Congress classification  |i unmediated -- volume  |m A14811115297 
998 f f |a DS570.M5 T37 1986  |t 0  |l Evans: Library Stacks